000 00688nam a2200241 i 4500
001 C2-0219295
003 PPAK
005 20180728111559.0
008 990825s1981 enka|||| ||||| | eng d
020 _a0600374815
040 _aPPAK
_beng
_cPPAK
_erda
082 0 4 _a709.24
_2 23
090 0 0 _a709.24
_bHAR
_dR
100 1 _aHarris, Nathaniel,
_eauthor
245 1 4 _aThe Art of michelangelo
264 1 _aLondon :
_bHamlyn Publishing ,
_c1981
300 _a80 pages :
_billustrations ;
_c31 cm
336 _2rdacontent
_atext
337 _2rdamedia
_aunmediated
338 _2rdacarrier
_avolume
650 1 0 _aMichelangelo - pictorial work ; Arts - Michelangelo
942 _ddc
_cB
999 _c161890
_d161890